| 000 | 00593nam a2200181Ia 4500 | ||
|---|---|---|---|
| 003 | GCL | ||
| 008 | 140319s9999 xx 000 0 ara d | ||
| 040 |
_aGCL / _cGCL |
||
| 082 | 0 | 4 |
_a813.01 _bن ف |
| 100 | 1 | _aنجلاء محمود محرم | |
| 245 | 1 | 0 |
_aالفائزون : _bالعدد الرابع / _cنجلاء محمود محرم |
| 250 | _aالاولى | ||
| 260 |
_aالقاهرة : _bمركز آيات للطباعة والكمبيوتر ، _c2004 |
||
| 300 |
_a126 ص ؛ _c19 سم |
||
| 650 | 0 | 4 | _aالادب العربى |
| 650 | 0 | 4 | _aالقصص القصيرة |
| 942 |
_2ddc _cBK |
||
| 999 |
_c7590 _d7590 |
||